I LAY DOWN MY LIFE FOR YOU Tracklist (JPEGMAFIA) - Statistics

General Stats
  • This quiz has been taken 43 times
  • The average score is 18 of 28
Answer Stats
Hint Answer % Correct
Disc 1 4 SIN MIEDO
93%
Disc 1 17 either on or off the drugs
89%
Disc 1 14 JPEGULTRA! (feat. Denzel Curry)
86%
Disc 1 8 New Black History (feat. Vince Staples)
82%
Disc 1 10 don't rely on other men
75%
Disc 2 6 don't rely on other men (single)
75%
Disc 1 2 i scream this in the mirror before i interact with anyone
75%
Disc 1 13 Exmilitary
71%
Disc 1 5 I'll Be Right There
71%
Disc 1 20 i recovered from this
71%
Disc 1 7 it's dark and hell is hot
71%
Disc 2 7 JIHAD JOE
68%
Disc 1 21 ALLAH
64%
Disc 1 19 Don't Put Anything On the Bible (feat. Buzzy Lee)
61%
Disc 1 15 i lay down my life for you (feat. Buzzy Lee)
61%
Disc 1 3 PROTECT THE CROSS
61%
Disc 1 12 vulgar display of power
61%
Disc 1 11 COKE OR DOPE?
57%
Disc 1 18 loop it and leave it
54%
Disc 2 1 What the hip hop hell is this?
54%
Disc 1 16 Boy You Should Know!
50%
Disc 1 9 CULT STATUS
50%
Disc 1 6 Jordan Rules
50%
Disc 1 1 I.S. 231 (Intro)
46%
Disc 2 3 Bloodline Freestyle (2022 Demo)
43%
Disc 2 2 Come & Get Me
43%
Disc 2 4 HATE (feat. FREAKYMAFIACUT)
43%
Disc 2 5 TAKE AN [I DONT REMEMBER MAKING THIS SHIT? RANDOM ASS BEAT FROM 2022, SCARING THE HOES ERA. DANNY ASKED ME TO MAKE SOME SHIT LIKE THIS PROBABLY CUZ IDK WTF THIS IS?]
43%
No matching quizzes found
Score Distribution
Percent of People with Each Score
Percentile by Number Answered
Your Score History
You have not taken this quiz